| 000 | 01023nam a2200205 i 4500 | ||
|---|---|---|---|
| 001 | 158533 | ||
| 003 | ES-MaACL | ||
| 005 | 20250719062543.0 | ||
| 008 | 040831s1885 ru ef |||| | rus d | ||
| 245 | 0 | 3 | _aLa Maison d'Arrêt de la ville de St.-Petersbourg en 1881-1884. |
| 260 |
_aSt.-Petersbourg : _b[s.n.], _c1885 ( _fImp. Glasounoff) |
||
| 300 |
_a55 p., [3] h. de planos pleg. ; _c21 cm. |
||
| 594 | _aTexto en cirílico. | ||
| 650 | 4 |
_aEstablecimientos penitenciarios- _zRusia. _9143329 |
|
| 852 |
_aES-MaACL _jD-69(1) _9164426 _cSVI _dOlim: 193-C-13 _fSello en tinta en portada: "Donativo del Sr. Lastres al Ateneo de Madrid 1907" _gAnotación manuscrita en portada: "Folletos penitenciarios. T. 13" _hDonación: Francisco Lastres y Juiz _xEncuadernado con otras obras formando un volumen facticio _xEncuadernación holandesa _bR.FOLL.2/1 |
||
| 903 |
_aLastres y Juiz, Francisco, _d1848-1918 _q1 _ednr _970504 |
||
| 942 |
_2udc _cFOLLETOS |
||
| 999 |
_c158533 _d158533 |
||